=LDR 00000nam 2200000 4500 =001 INLIS000000000033351 =005 20230615072104 =035 ##$$a 0010-061300000033351 =008 230615###########################0#ind## =041 ##$$a ind =082 ##$$a 381.1 =090 ##$$a 381.1, Sup,w =100 ##$$a Suparyanto,Wachyu =245 1#$$a Waserba Bisnis Yang Menggiurkan Sepanjang Masa, /$c Wachyu Suparyanto, S.E., M.M =260 ##$$a Bandung :$b Alfabeta,$c 2008 =300 ##$$a vi,188 hlm. ; $c 17 cm =650 #4$$a Perdagangan Eceran =850 ##$$a NBPNMAT =020 ##$$a 978-979-8433-66-5 =084 ##$$a 381.1 SUP w =990 ##$$a 21400613/BPAP-NTB/20142014 =990 ##$$a 0001/BPAP-NTB/20142015